000 01109nam a2200289 i 4500
999 _c68172
_d68172
003 Mx-PuUPA
005 20191008162957.0
008 190610s2001 nyu|||||r|||| 00| 0 eng d
020 _a0465042260
040 _aMx-PuUPA
_bspa
_cMx-PuUPA
_dMx-PuUPA
_erda
041 0 _aeng
100 1 _99344
_aLohr, Steve,
_eautor
245 1 0 _aGo to :
_bthe story of the math majors, bridge players, engineers, chess wizards, maverick scientists and iconoclasts - the programmers who created the software revolution /
_cSteve Lohr
264 1 _aNew York, NY :
_bBasic Books,
_c©2001
300 _ax, 250 páginas ;
_c21 cm.
336 _2rdacontent
_atexto
_btxt
337 _2rdamedia
_asin medio
_bn
338 _2rdacarrier
_avolumen
_bnc
650 4 _aIngeniería de software
650 4 _aProgramador de computadoras
650 4 _aProgramación de computadoras
650 4 _aSoftware informático
_xDesarrollo
942 _2ddc
_cLI
_h005.1
_iL833